00285nam a22001217a 4500003000400000005001700004008004100021040003000062100001900092245002000111260002400131300000800155OSt20240716124047.0240716b |||||||| |||| 00| 0 eng d cChuka University Library aMazrui, Alamin aChembe cha Moyo aNairobibEAEPc1988 a73p